| 000 | 00449cam a2200157 a 4500 | ||
|---|---|---|---|
| 020 | _a1864482877 | ||
| 040 | _cNYP | ||
| 082 | _a940 ALL 1997 A087 Or. | ||
| 100 | 1 | _aBrune, Peter, | |
| 245 | 1 | 4 |
_aThe spell broken : _bexploding the myth of Japanese invincibility / |
| 260 |
_aSt Leonards, NSW : _bAllen & Unwin, _c1997. |
||
| 300 |
_axv, 304 p. : _bill. ; _c24 cm. |
||
| 650 | 0 | _aWorld War, 1939-1945 | |
| 650 | 0 | _aWorld War, 1939-1945 | |
| 942 | _cEK | ||
| 999 |
_c17056 _d17056 |
||